Property managers in Scotland (Record no. 109283)

MARC details
000 -LEADER
fixed length control field 01568cad a22002295a 4500
001 - CONTROL NUMBER
control field E146762
008 - FIXED-LENGTH DATA ELEMENTS--GENERAL INFORMATION
fixed length control field 090224s2009 xxk f 000 0 eng d
035 ## - SYSTEM CONTROL NUMBER
System control number (Sirsi) u146762
041 0# - LANGUAGE CODE
Language code of text/sound track or separate title eng
050 04 - LIBRARY OF CONGRESS CALL NUMBER
Classification number 331.2 $2 18
110 2# - MAIN ENTRY--CORPORATE NAME
Corporate name or jurisdiction name as entry element Office of Fair Trading
9 (RLIN) 1355
245 00 - TITLE STATEMENT
Title Property managers in Scotland
Remainder of title a market study
Medium [electronic resource]
260 ## - PUBLICATION, DISTRIBUTION, ETC.
Place of publication, distribution, etc. [S.l.]
Name of publisher, distributor, etc. OFT
Date of publication, distribution, etc. 2009
505 2# - FORMATTED CONTENTS NOTE
Formatted contents note Executive summary -- Introduction -- Overview of the property management sector in Scotland -- Competition -- Consumer information and satisfaction -- Land maintenance -- Recommendations -- Annexes: list of consultees and contributors; consumer survey; survey of property managers; market definition; choice and competition; regulatory and legislative review; international comparisons; Scottish House Conditions Survey; local authority use of planning agreements; local authority use of planning conditions; glossary
520 ## - SUMMARY, ETC.
Summary, etc. Sets out the results of a market study carried out by the Office of Fair Trading into property management in Scotland. Examines whether consumers are able to switch their supplier, the information made available to property owners, and whether or not owners are able to satisfactorily resolve complaints or disputes. Makes recommendations for changes to help address the problems identified.
521 ## - TARGET AUDIENCE NOTE
Target audience note Advanced
590 ## - LOCAL NOTE (RLIN)
Local note KA NTK
651 #4 - SUBJECT ADDED ENTRY--GEOGRAPHIC NAME
Geographic name Scotland
Chronological subdivision 1999-
690 ## - LOCAL SUBJECT ADDED ENTRY--TOPICAL TERM (OCLC, RLIN)
Topical term or geographic name as entry element Block management
9 (RLIN) 6220
856 40 - ELECTRONIC LOCATION AND ACCESS
Uniform Resource Identifier <a href="https://www.oft.gov.uk/news/press/2009/12-09">https://www.oft.gov.uk/news/press/2009/12-09</a>
Public note View the report free of charge at www.oft.gov.uk...
942 ## - ADDED ENTRY ELEMENTS (KOHA)
Suppress in OPAC 0
Holdings
Withdrawn status Lost status Source of classification or shelving scheme Damaged status Not for loan Home library Current library Shelving location Date acquired Total Checkouts Full call number Barcode Date last seen Copy number Price effective from Koha item type
    Dewey Decimal Classification     Virtual Virtual Online 24/02/2009   ONLINE PUBLICATION 146762-2001 06/08/2019 1 06/08/2019 Book